000 00634cam a2200217ua 4500
001 9381
008 150821n ii |||gr||||Z||||||eng
020 _a9788123751849
040 _cMAIN
041 _aeng
082 _a500
100 _aBhargava, Pushpa M,
_eAuthor.
245 0 _aAngels, devil and science :
_ba collection of articles on scientific temper /
_cby Pushpa M Bhargava .
250 _a1st ed.
260 _aNew Delhi:
_bNational Book trust, India,
_c2007.
300 _a283p.
653 _aNatural sciences & mathematics
653 _aScientific temper
700 _aChakrabarti, Chandana,
_eAuthor.
942 _cBK
999 _c8439
_d8439